000 00743nam a2200229 a 4500
001 000015504
005 20240530073917.0
008 100211s2009 dr 000 f spa d
020 _a9789945429190
040 _aDO-SdBNP
_bspa
_cBNPHU
082 _aRD863.44
_bV145p
100 1 _aValdez, Pedro Antonio,
_d1968-
_922509
245 1 0 _aPalomos /
_cPedro Antonio Valdez.
260 _aSanto Domingo :
_bAlfaguara,
_c2009.
300 _a201 p. ;
_c23 cm.
500 _aIncluye datos biográficos del autor en la solapa de la cubierta.
500 _aIncluye musicografía.
500 _aLa biblioteca posee la segunda reimpresión del 2012
650 0 _aNovela dominicana
_9223
650 0 _aLiteratura dominicana.
_967
049 _aEn proceso
999 _c15060
_d15060